| 000 | 01099nmc a2200373 a 4500 | ||
|---|---|---|---|
| 003 | AR-BaBNM | ||
| 005 | 20251128210520.0 | ||
| 008 | 240020s1994 ||||||||||||||000 | spa|| | ||
| 020 | _a84-7960-043-8 | ||
| 040 | _cAR-BaBNM | ||
| 100 | 1 | _aNúñez Jiménez, Antonio | |
| 245 | 1 | 0 |
_aUn mundo aparte _baproximación a la historia de América Latina y el Caribe |
| 260 |
_aMadrid _bEdiciones de la Torre _c1994 |
||
| 300 | 0 | _a462 p. | |
| 490 | 0 |
_aNuestro mundo. Historia _vv. 32 |
|
| 500 | 0 | _aContiene referencias bibliográficas e índice onomástico | |
| 600 | 1 | 4 | _aMartí, José |
| 600 | 1 | 4 | _aSan Martín, José de |
| 600 | 1 | 4 | _aO´Higgins, Bernardo |
| 600 | 1 | 4 |
_aArtigas, José Gervasio _d1764-1850 |
| 650 | 4 | _aMAYAS | |
| 650 | 4 | _aHISTORIA LATINOAMERICANA | |
| 650 | 4 | _aPERIODO HISPANICO | |
| 650 | 4 | _aMOVIMIENTOS EMANCIPADORES LATINOAMERICANOS | |
| 650 | 4 | _aINCAS | |
| 650 | 4 | _aAZTECAS | |
| 650 | 4 | _aSIGLO VEINTE | |
| 650 | 4 | _aHISTORIA POLITICA | |
| 650 | 4 | _aIDEOLOGIAS | |
| 650 | 4 | _aHISTORIA DE LAS IDEAS | |
| 650 | 4 | _aCAUDILLOS | |
| 942 | _cBK | ||
| 998 | _cMariana | ||
| 999 |
_c15763 _d15763 |
||